<?xml version="1.0" encoding="UTF-8"?>
<record
    xmlns:xsi="http://www.w3.org/2001/XMLSchema-instance"
    xsi:schemaLocation="http://www.loc.gov/MARC21/slim http://www.loc.gov/standards/marcxml/schema/MARC21slim.xsd"
    xmlns="http://www.loc.gov/MARC21/slim">

  <leader>03786cam a22003135i 4500</leader>
  <datafield tag="999" ind1=" " ind2=" ">
    <subfield code="c">28916</subfield>
    <subfield code="d">28887</subfield>
  </datafield>
  <controlfield tag="001">17805150</controlfield>
  <controlfield tag="003">EG-ScBUE</controlfield>
  <controlfield tag="005">20201014122943.0</controlfield>
  <controlfield tag="008">130709s2014    enka   f b    001 0 eng d</controlfield>
  <datafield tag="020" ind1=" " ind2=" ">
    <subfield code="a">9782940496112 (pbk.)</subfield>
  </datafield>
  <datafield tag="040" ind1=" " ind2=" ">
    <subfield code="a">DLC</subfield>
    <subfield code="b">eng</subfield>
    <subfield code="e">rda</subfield>
    <subfield code="c">DLC</subfield>
    <subfield code="d">DLC</subfield>
    <subfield code="d">EG-ScBUE</subfield>
  </datafield>
  <datafield tag="082" ind1="0" ind2="4">
    <subfield code="a">741.6</subfield>
    <subfield code="b">STE</subfield>
    <subfield code="2">22</subfield>
  </datafield>
  <datafield tag="100" ind1="1" ind2=" ">
    <subfield code="a">Steane, Jamie,</subfield>
    <subfield code="e">author.</subfield>
  </datafield>
  <datafield tag="245" ind1="1" ind2="4">
    <subfield code="a">The principles &amp; processes of interactive design /</subfield>
    <subfield code="c">Jamie Steane.</subfield>
  </datafield>
  <datafield tag="246" ind1="3" ind2=" ">
    <subfield code="a">Principles and processes of interactive design</subfield>
  </datafield>
  <datafield tag="264" ind1=" " ind2="1">
    <subfield code="a">London ;</subfield>
    <subfield code="a">New York :</subfield>
    <subfield code="b">Bloomsbury,</subfield>
    <subfield code="c">2014.</subfield>
  </datafield>
  <datafield tag="300" ind1=" " ind2=" ">
    <subfield code="a">208 pages :</subfield>
    <subfield code="b">illustrations (color) ;</subfield>
    <subfield code="c">27 cm</subfield>
  </datafield>
  <datafield tag="336" ind1=" " ind2=" ">
    <subfield code="a">text</subfield>
    <subfield code="b">txt</subfield>
    <subfield code="2">rdacontent</subfield>
  </datafield>
  <datafield tag="337" ind1=" " ind2=" ">
    <subfield code="a">unmediated</subfield>
    <subfield code="b">n</subfield>
    <subfield code="2">rdamedia</subfield>
  </datafield>
  <datafield tag="338" ind1=" " ind2=" ">
    <subfield code="a">volume</subfield>
    <subfield code="b">nc</subfield>
    <subfield code="2">rdacarrier</subfield>
  </datafield>
  <datafield tag="504" ind1=" " ind2=" ">
    <subfield code="a">Includes bibliographical references and index.</subfield>
  </datafield>
  <datafield tag="505" ind1="8" ind2=" ">
    <subfield code="a">Machine generated contents note: -- Introduction Chapter 1: Research and developmentUnderstanding the brief; Market research; User research; Visual research; Conceptual thinking; Feedback and user testing; Industry perspective: Moving Brands; Workshop I - Connected life.Chapter 2: Colour and image: Colour meaning and psychology; Colour in technical detail; Working with colour; Using colour systems; Decoding images; Creating images; Using Photo Libraries; Preparing Images; Case Study - The Chase; Workshop II: 'Taste and After-Taste'Chapter 3: Typography and hypertextuality: Fundamentals; Classification and selection; Legibility and readability; Uses of type on screen; Using type as image; Web publishing and hypertext; User controlled typography; Using type on small devices; Case Study - Happy Cog - Fontshop; Workshop III: 'Face to Face'.Chapter 4: Components and Formats: Television broadcast standards and sizes; TV graphics components; Standard web page sizes; Web banners sizes and formats; Mobile screen sizes; File formats; Case Study - Red Bee; Workshop IV: 'One message, many formats'.Chapter 5: Grids and Screen Layouts: What are grids; Principles of Composition; Balance and contrast; Size and scale; Hierarchy; Repetition and sequencing; Working in planes and 3D space; Working with safety areas; Designing graphic user interfaces (GUIs); Creating wireframes; Using metaphors; Web fixed and liquid layouts; Global and local navigation; Case Study - BBC IPlayerWorkshop V: 'It's all news to me'.Chapter 6: Storyboards and system mapping: Film language basics; Storyboarding; Working with sound; Creating animatics; Paper prototyping; System mapping Case Study - Imaginary Forces; Workshop VI: 'BE TV'.Chapter 7: Presenting your work: Digital presentations; Physical presentations; Presentation tips and techniques; Creating digital and analogue portfolios; Case Study - Bibliotheque Design; Workshop VII: 'Branding You'.ConclusionGlossaryBibliographyUseful ResourcesIndex.</subfield>
  </datafield>
  <datafield tag="520" ind1=" " ind2=" ">
    <subfield code="a">"The Principles and Processes of Interactive Design is for new designers from across the design and media disciplines who need to learn about the fundamental principles and processes behind designing for digital media. This book is intended as both a primer and companion guide, that covers the design essentials from a digital perspective: user-based design research and development, digital colour and image, typography and hypertextuality, working with digital formats, screen-based grids and layouts, and storyboards and system mapping, as well as offering general guidance on how to present your ideas. Featured contributors include: Moving brands;The Chase; Happy Cog; Red Bee; BBC iPlayer; Imaginary Forces; and Bibliotheque Design"--</subfield>
    <subfield code="c">Provided by publisher.</subfield>
  </datafield>
  <datafield tag="650" ind1=" " ind2="7">
    <subfield code="a">Commercial art</subfield>
    <subfield code="x">Data processing.</subfield>
    <subfield code="2">BUEsh</subfield>
  </datafield>
  <datafield tag="650" ind1=" " ind2="7">
    <subfield code="a">Graphic arts</subfield>
    <subfield code="x">Data processing.</subfield>
    <subfield code="2">BUEsh</subfield>
  </datafield>
  <datafield tag="650" ind1=" " ind2="7">
    <subfield code="a">Digital media</subfield>
    <subfield code="x">Design.</subfield>
    <subfield code="2">BUEsh</subfield>
  </datafield>
  <datafield tag="653" ind1=" " ind2=" ">
    <subfield code="b">COMSCI</subfield>
    <subfield code="c">October2020</subfield>
  </datafield>
  <datafield tag="942" ind1=" " ind2=" ">
    <subfield code="2">ddc</subfield>
    <subfield code="c">BB</subfield>
  </datafield>
  <datafield tag="952" ind1=" " ind2=" ">
    <subfield code="0">0</subfield>
    <subfield code="1">0</subfield>
    <subfield code="2">ddc</subfield>
    <subfield code="4">0</subfield>
    <subfield code="7">0</subfield>
    <subfield code="8">unknown</subfield>
    <subfield code="a">MAIN</subfield>
    <subfield code="b">MAIN</subfield>
    <subfield code="c">2ND</subfield>
    <subfield code="d">2020-10-14</subfield>
    <subfield code="e">Purchase</subfield>
    <subfield code="l">1</subfield>
    <subfield code="m">14</subfield>
    <subfield code="o">741.6 STE</subfield>
    <subfield code="p">000049921</subfield>
    <subfield code="r">2024-08-13 00:00:00</subfield>
    <subfield code="s">2020-12-15</subfield>
    <subfield code="w">2020-10-14</subfield>
    <subfield code="y">BB</subfield>
  </datafield>
</record>
